Constellations sur une carte du ciel - Statistiques

Statistiques générales
  • Ce quiz a été pris 14 372 fois
  • Le résultat moyen est 16 sur 55
Réponses sur la Carte
Les réponses sont colorées sur une échelle allant du rouge au vert en fonction du pourcentage des utilisateurs qui les ont devinées à leur premier essai. Vous pouvez retrouver ces pourcentages ci-dessous.
 
Statistiques - réponses
Constellation % Correct
Lion
77%
Grande Ourse
74%
Cancer
71%
Capricorne
71%
Petite Ourse
71%
Taureau
71%
Sagittaire
69%
Scorpion
68%
Bélier
67%
Balance
65%
Gemeaux
65%
Verseau
63%
Orion
51%
Poissons
48%
Cassiopée
46%
Dragon
43%
Cygne
33%
Pégase
30%
Andromède
29%
Aigle
28%
Hercule
27%
Centaure
22%
Croix du Sud
21%
Triangle
21%
Loup
19%
Baleine
18%
Hydre
18%
Bouvier
17%
Grand Chien
17%
Girafe
16%
Persée
16%
Cephée
14%
Phénix
13%
Autel
12%
Cocher
11%
Corbeau
11%
Lynx
11%
Lièvre
10%
Chevelure de Bérénice
9%
Paon
9%
Carène
8%
Colombe
8%
Eridan
8%
Poupe
8%
Voiles
8%
Dorade
7%
Grue
7%
Hydre mâle
7%
Indien
7%
Poisson Austral
7%
Toucan
7%
Octant
6%
Sculpteur
6%
Triangle Austral
6%
Réticule
5%
Aucun quiz correspondant
Distribution des résultats
% des personnes avec chaque résultat
Percentile par nombre de réponses
Votre historique - résultats
Vous n’avez pas pris ce quiz